| 000 | 00557 a2200193 4500 | ||
|---|---|---|---|
| 001 | 066787 | ||
| 003 | OSt | ||
| 005 | 20211007153833.0 | ||
| 008 | |||
| 082 |
_a004.6 _bH16C |
||
| 100 | 1 | _aHalsall, Fred | |
| 245 | 1 |
_aComputer networking and the internet _cby Fred Halsall and L.G. Kulkarni |
|
| 250 | _a5th ed. | ||
| 260 |
_aNew Delhi _bPearson _c2007 |
||
| 300 | _a678p. | ||
| 690 | _aComputer networks; Internet; Local area networks (Computer networks); World Wide Web | ||
| 700 | _aKulkarni, L.G. | ||
| 942 |
_2ddc _cBK |
||
| 999 |
_c787 _d787 |
||